| 000 | 02204nam0a2200409 4500 | ||
|---|---|---|---|
| 001 | RU\NLR\bibl\1016651 | ||
| 005 | 20260408201113.0 | ||
| 010 |
_a5-202-00941-0 _9500 |
||
| 021 |
_aRU _b2006-66930 _93361 |
||
| 035 | _a(NLR Aleph) 001004221 | ||
| 090 |
_a597836 _c597836 |
||
| 100 | _a20061204d2006 |||y0rusy50 ca | ||
| 101 | 0 | _arus | |
| 102 | _aRU | ||
| 105 | _aa ||||||||| | ||
| 200 | 1 |
_aНационал-социализм в Германии: проблемы изучения и преодоления _eизбранные труды _fЮ.В. Галактионов _g[сост.: к.п.н., доц. С.П. Галактионова и др. _gнауч. ред. д.ист.н., проф. А.И. Борозняк] _gМОО "Западносиб. центр герм. исслед." [и др.] |
|
| 210 |
_aКемерово _cКузбассвузиздат _d2006 |
||
| 215 |
_a165, [1] с.,[8] л. ил. _d21 |
||
| 300 | _aВ предисл. авт.: проф., д.ист.н. Ю.В. Галактионов | ||
| 300 | _aВ надзаг. также: Герм. ист. ин-т в Москве, ГОУ ВПО "Кемер. гос. ун-т" | ||
| 320 | _aБиблиогр. в примеч. в конце разделов и в подстроч. примеч. | ||
| 320 | _aБиблиогр. указ. тр. Ю.В. Галактионова: с. 160-165 | ||
| 606 | 1 |
_aНационал-социализм _jСборники _xИстория _yГермания _z20 в. _92078786 _3RU\NLR\auth\661254651 |
|
| 606 |
_aИдеология _jСборники _xИстория _yГермания _z1930 - 1940-ые гг. _92451833 _3RU\NLR\auth\661457719 |
||
| 686 | _aТ3(4Г)63-72я43 | ||
| 686 | _aФ69(4Г)71я43 | ||
| 700 | 1 |
_aГалактионов _bЮ. В. _f1949-2005 _gЮрий Владимирович _4070 |
|
| 702 | 1 |
_aГалактионова _bС. П. _gСветлана Павловна _4220 |
|
| 702 | 1 |
_aБорозняк _bА. И. _gАлександр Иванович _4340 |
|
| 801 | 0 |
_aRU _bNLR _c20061204 _grcr |
|
| 801 | 1 |
_aRU _bNLR _c20061204 |
|
| 830 | _aавт. по кн. | ||
| 830 | _aсост. и ред. по ЭК | ||
| 942 | _cBOOK | ||
| 980 | _aNB | ||